| 000 | 00871aam a2200313 i 4500 | ||
|---|---|---|---|
| 001 | 768714001 | ||
| 003 | CO-MdFUSB | ||
| 005 | 20250429123939.0 | ||
| 007 | ta | ||
| 008 | 250429t1971 ag |||| |||| 00| 0 spa d | ||
| 020 | _a0-311-05051-4 | ||
| 040 | _cCO-MdFUSB | ||
| 041 | 0 | _aspa | |
| 082 | 0 | 4 |
_223 _a239 _bM4982i |
| 100 | 1 |
_aMehl, Roger _eautor |
|
| 245 | 1 | 0 |
_aImágenes del hombre _c/ Roger Mehl ; traductor Félix Benlliure |
| 250 | _asegunda edición | ||
| 264 | 1 |
_bCasa Bautista de Publicaciones, _aEl Paso, TX., USA : _c[1971] |
|
| 264 | 4 | _c©1971 | |
| 300 | _a63 páginas | ||
| 336 |
_atexto _btxt _2rdacontent |
||
| 337 |
_2rdamedia _asin mediación _bn |
||
| 338 |
_2rdacarrier _avolumen _bnc |
||
| 563 | _aRústico | ||
| 650 | 7 |
_aApologética _9187 |
|
| 700 |
_aBenlliure Andrieux, Félix, _911316 _etraductor |
||
| 942 | _cBK | ||
| 945 | _aJTF-925 | ||
| 999 |
_c35116 _d35116 |
||